Statistics for Miami Dolphin's Trivia

Click here to take the quiz!

General Stats

  • This quiz has been taken 78 times
  • The average score is 6 of 10

Answer Stats

Hint Answer % Correct
What is Ryan Tannehill's jersey number?17
94%
True or False: Miami used to have an actual live dolphin mascot in their stadium at one point?True
89%
Which year did the Phins have a perfect season and win the Super Bowl?1972
83%
Which player is also known as Juice?Jarvis Landry
69%
Sunlife Stadium became _______ Stadium.Hardrock Stadium
66%
Which offensive player rushed over 200 yards two games in a row?Jay Ajayi
62%
Back-up QB?Matt Moore
57%
Who did Miami lose to in the playoffs this past season?Pittsburgh Steelers
51%
Finish that fight song lyric, "We're in the air, we're on the ground, we're always....."in control
45%
For question above: if you answered true, what was the name?Snowflake
9%

Score Distribution

Percentile by Number Answered

Percent of People with Each Score

Your Score History

You have not taken this quiz